Marie Jules-César Savigny : sa vie et son œuvre /

محفوظ في:

المؤلف الرئيسي: Pallary, Paul, 1869- (مؤلف)

التنسيق: كتاب

اللغة: French

منشور في: Le Caire : Imprimerie de l'Institut français d'archéologie orientale, 1931-1934.

سلاسل: Memoires de l'Institut d'Egypte ; 17, 20, 23.
MIE ; 17, 20, 23.

الموضوعات:

الوسوم: إضافة وسم

لا توجد وسوم, كن أول من يضع وسما على هذه التسجيلة!

رقم الطلب: DT43 .I625 v.17, 20, 23

LEADER 00930namaa2200265 4500
001 18853
003 OSt
005 20260317063308.0
008 130303m19319999ua cfh 000 0bfre d
010 |a 32009401 
040 |c ARCE Library 
050 4 |a DT43 .I625 v.17, 20, 23 
100 1 |a Pallary, Paul,  |d 1869-,   |e author  |9 37251 
245 1 0 |a Marie Jules-César Savigny :  |b sa vie et son œuvre /  |c par Paul Pallary. 
264 1 |a Le Caire :   |b Imprimerie de l'Institut français d'archéologie orientale,   |c 1931-1934. 
300 |a 3 volumes :   |b plates, portraits, facsimiles ;   |c 29 cm. 
490 1 |a Memoires de l'Institut d'Egypte ;   |v 17, 20, 23. 
490 1 |a MIE ;   |v 17, 20, 23. 
600 1 0 |a Savigny, Jules-César,  |d 1777-1851.  |9 39264 
650 0 |a Mollusks  |z Egypt  |z Faiyum. 
830 0 |a Memoires de l'Institut d'Egypte ;   |v 17, 20, 23. 
830 0 |a MIE ;   |v 17, 20, 23. 
901 |a reviewed 
942 |c BK  |2 lcc 
999 |c 15922  |d 15922